Statistiken für Ozeanien Hauptstädte (mit Karte)

Klicken Sie hier um das Quiz zu spielen!

Allgemein

  • Dieses Quiz wurde 313 mal gespielt
  • Das Durchschnittsergebnis liegt bei 10 aus 14

Antworten auf der Karte

Die Antworten werden auf der Karte rot bzw. grün angezeigt, abhängig davon wie oft sie richtig erraten wurden.
 

Antwortstatistiken

Landcapital% Korrekt
AustralienCanberra
97%
NeuseelandWellington
94%
Papua Neu-GuineaPort Moresby
88%
FidschiSuva
83%
SamoaApia
74%
TuvaluFunafuti
73%
VanuatuPort Vila
70%
NauruYaren
70%
KiribatiSouth Tarawa
68%
SalomonenHoniara
66%
MikronesienPalikir
66%
MarshallinselnMajuro
63%
TongaNukuʻalofa
63%
PalauNgerulmud
61%

Verteilung der Resultate

Perzentil nach korrekt beantworteten Fragen

Anzahl Personen mit jedem Resultat

Ihre Resultats-Entwicklung

Sie haben dieses Quiz noch nicht gespielt